Quizzes
Events
Quiz Creation
Community
Videos
Private Events
Remove Ads
Sign In
Join for FREE
Feedback
Dark Mode
Quiz Categories
Sports
Geography
Music
Movies
Television
Just For Fun
Miscellaneous
History
Literature
Language
Science
Gaming
Entertainment
Religion
Holiday
For Kids
Quiz Lab
Recent
Popular Today
Quiz Kudos Today
Editor Picks
Curator Picks
Quizzes by...
Day
Popularity
Type
Ratings
Length
Year
Community
Subscriptions
Recent Discussions
Orange Saloon
Badges
Playlists
Quests
Create
Leaderboards
Showdown
Live 5
Trivia Bingo
Activity
Puzzle Library
Sporcle Events
Private Events
Virtual Trivia
Globe League
Become a Host
Pub Owners
SporcleCon
Opinionation
Our Games
Videos
Blog
Mobile Apps
Partnerships
Remove Ads and Go Orange
Feedback
Geography
Country
Landmarks
City
State
Population
World
Capital
Continent
Flags
Europe
Africa
Asia
South America
North America
Oceania
Border
Canada
United Kingdom
Topography
United States
Geography
Country
Landmarks
City
State
Population
World
Capital
Continent
Flags
Europe
Africa
Asia
South America
North America
Oceania
Border
Canada
United Kingdom
Topography
United States
Random Quiz
Search Sporcle
×
Quiz Lab
Quiz Lab
Geography
Country
Type in answers that appear in a list
Type in answers that appear in a list
Classic
Best Score? Go Orange.
Alphabetically bordering countries Stats
Can you name the bordering countries whose first letters are adjacent in the alphabet?
By
springybawb
8m
20 Questions
228 Plays
228 Plays
228 Plays
Comments
Comments
Give Quiz Kudos
Give Quiz Kudos
-
- Ratings
hide this ad
More Info
Replay
Link that replays current quiz
Next Quiz
Link to next quiz in quiz playlist
You Got
0%
They Got
Avg Score
62%
Avg Friend Score
Upgrade to see
Score Distribution
Jump to the score distribution portion of the page
Score
0/20
Timer
08:00
0
Plays Today
Letters
Countries (land borders)
% Correct
F G
France Germany
83.8%
I J
Israel Jordan
81.6%
B C
Brazil Colombia
75%
I J
Iraq Jordan
74.6%
D E
Djibouti Ethiopia
72.4%
D E
Djibouti Eritrea
72.4%
T U
Turkmenistan Uzbekistan
71.9%
G H
Guatemala Honduras
70.6%
A B
Argentina Brazil
68.4%
T U
Tajikistan Uzbekistan
68%
Letters
Countries (land borders)
% Correct
A B
Argentina Bolivia
63.6%
B C
Bhutan China
59.6%
B C
Bolivia Chile
58.3%
T U
Tanzania Uganda
56.6%
L M
Laos Myanmar
50.9%
M N
Mali Niger
50.9%
C D
Central African Republic Democratic Republic of Congo
49.1%
B C
Bosnia and Herzegovina Croatia
44.7%
S T
Syria Turkey
39.5%
B C
Burkina Faso Cote D'Ivoire
30.3%
Quiz Playlist
Details
Report
Send in Message
Add To Playlist
More Info:
Classic:
Type in answers that appear in a list
Last Updated: Apr 29, 2017
Quiz Scoreboard
CHALLENGE
Sign Up to Join the Scoreboard
Show All
Scores
Hide
Comments
May contain spoilers
Recently Published
Billboard Blitz: Fleetwood Mac
by CooCooCachoo
Music
15s
Presidents Visiting Landmarks
by Hejman
History
7m
An Introduction to Baseball
by treessimontrees
Sports
5m
More to Explore
Quiz From the Vault
Featured Blog Post
Where Did the Easter Bunny Come From?
hide this ad
You Might Also Like...
Tags
Alphabet Quiz
Border Quiz
Country Quiz
Letter Quiz
Adjacent
land
Today's Top Quizzes in Geography
Browse Geography
hide this ad
Today's Top Quizzes in Country
Browse Country
Top Contributed Quizzes in Geography
1
Countries of the World - No Outlines Minefield
2
Top 25 Cities of France on a map
3
Any capital of a 'B' country per Continent
4
Any capital of a 'C' country per Continent
5
Closest Countries to UK A-Z
6
Any capital of a 'D' country per Continent
7
5-to-1: US Geography No Hints
8
One Thing in Common: United Kingdom
9
Any capital of an 'E' country per Continent
10
Any capital of an 'F' country per Continent
Explore More
Trending Topics
Harry Potter
NBA
Kpop
Crossword
Disney
Anime
Marvel
The Office
WWE
NFL
Soccer
Song
Country
Pokémon
Puzzle
hide this ad
More By:
springybawb
Quiz
Plays
Rating
Category
Featured
Created
Mixed Word: Countries III
38,212
4.20
Just For Fun
Feb 2, 2010
Mixed Word: Countries II
37,998
4.45
Just For Fun
Feb 3, 2010
Beef Producing Countries
1,372
3.63
Geography
Jan 6, 2010
Orange production
505
4.00
Geography
Jan 8, 2010
Nhl players provinces
406
4.00
Sports
Jan 11, 2010
Go to Creator's Profile
Score Distribution
Quiz Creator Spotlight
springybawb
Follow
Send a Message
Quizzes Created
-
Created Quiz Play Count
-
More By This Creator
Popular Quizzes Today
1
Find the US States - No Outlines Minefield
2
Find the Countries of Europe - No Outlines Minefield
3
The Countries of the World
4
Find the US States
5
US States
6
Risky Map Clicking: Biggest States A-Z
7
Popular People in 1961
8
Movies - When Are They Set?
More Geography Quizzes
Alphabetical Capitals of Europe
Published
Trending Quizzes
Risky Map Clicking: Least Populous States A-Z
1-10 Letter G Words
1-10 Letter F Words
Risky Map Clicking: Next State Alphabetically
Risky Map Clicking: Biggest States A-Z
Recently Updated
Leaping Animals
pecheneg
Reality TV Shows (A-Z)
bhenderson79
Rickey Henderson's Hall of Fame Teammates
pecheneg
Champions League XIs: Arsenal
pecheneg
Quick Pick: Celebrities in WWE's Hall of Fame
aduchscher
A-Z Keypad Blitz II
pecheneg
Multiple Oscar Actors
pecheneg
Mystery Phrase Blitz: Oscar 'Best Actors'
pecheneg
F. Scott Fitzgerald Novels
LTH
Pick 3 Villains
ddd62291
Trending Topics
Anime
Harry Potter
Crossword
Disney
Marvel
NBA
Kpop
Soccer
The Office
Country
Song
NFL
WWE
Puzzle
Pokémon
Your Account Isn't Verified!
In order to create a playlist on Sporcle, you need to verify the email address you used during registration. Go to your
Sporcle Settings
to finish the process.
Report this User
Report this user for behavior that violates our
Community Guidelines
.
Details:
Send Report
Go to the Sporcle.com Mobile Site →
Comments